000 01495nam a22002417a 4500
999 _c62783
_d62783
003 Ge_BSU
005 20250212155228.0
008 250212s2014 ge ||||| |||| 00| 0 geo d
041 _ageo
080 _a005.966 + 331.108.52 მ-30
245 _aმართე შენი კარიერა :
_bსახელმძღვანელო სტუდენტებისათვის : [კრებული] /
_cაიდა აკუდოვიჩიუტე, ცააგა ფორგაცი, ჟიგიმანტას გრაკაუსკასი, პოლ ჰაკინგი, მარტინ პენინგტონი, ანდრიუს ვალიკასი.
264 _aთბილისი,
_c2014.
300 _a325 გვ. :
_bილ. ;
_c29 სმ.
504 _aბიბლიოგრ. თავების ბოლოს.
653 _aკარიერა
700 _aაკუდოვიჩიუტე, აიდა
_eავტორი
_924345
700 _aფორგაცი, ცააბა
_eავტორი
_924346
700 _aგრაკაუსკასი, ჟიგიმანტას
_eავტორი
_924347
700 _aჰაკინგი, პოლ
_eავტორი
_924348
700 _aპენინგტონი, პოლ
_e ავტორი
_924349
700 _aვალიკასი, ანდრიუს
_eავტორი
_924350
942 _2udc
_cᲬᲘᲒᲜᲘ